Vybrané teoreticko-metodologické prístupy k hodnotám
Pohľad na hodnoty, ich význam a vnímanie danej kategórie v sociálno - ekonomických súvislostiach. Vnímanie hodnôt a hodnotových orientácií, ako v teórii tak i metodológii. Empirický prehľad o hodnotách vyznávaných mladou generáciou v SR.
Enregistré dans:
| Auteur principal: | |
|---|---|
| Autres auteurs: | |
| Format: | Chapitre de livre |
| Langue: | slovaque |
| Sujets: | |
| Tags: |
Pas de tags, Soyez le premier à ajouter un tag!
|
MARC
| LEADER | 00000nla a2200000 4500 | ||
|---|---|---|---|
| 001 | 0174170 | ||
| 005 | 20240502072953.4 | ||
| 041 | 0 | |a slo | |
| 044 | |a SK | ||
| 245 | 1 | 0 | |a Vybrané teoreticko-metodologické prístupy k hodnotám |c Mária Antalová, Pavol Strhár |
| 520 | |a Pohľad na hodnoty, ich význam a vnímanie danej kategórie v sociálno - ekonomických súvislostiach. Vnímanie hodnôt a hodnotových orientácií, ako v teórii tak i metodológii. Empirický prehľad o hodnotách vyznávaných mladou generáciou v SR. | ||
| 610 | 2 | 0 | |a hodnota |
| 610 | 2 | 0 | |a etika |
| 610 | 2 | 0 | |a morálka |
| 610 | 2 | 0 | |a zákon hodnoty |
| 610 | 2 | 0 | |a metódy poznania |
| 610 | 2 | 0 | |a vedomie spoločenské |
| 610 | 2 | 0 | |a mládež |
| 100 | 1 | |a Antalová, Mária, 1952- | |
| 700 | 1 | |a Strhár, Pavol | |